| 000 | 00963nam a2200277 i 4500 | ||
|---|---|---|---|
| 001 | 53347 | ||
| 003 | ES-MaACL | ||
| 005 | 20250827062544.0 | ||
| 007 | t| | ||
| 008 | 030121s2002 sp |||| | spa d | ||
| 020 | _a84-7476-332-0 | ||
| 080 | _a328.132.4(460) | ||
| 080 | _a329.8 | ||
| 100 | 1 |
_aReniu, Josep María. _9142277 |
|
| 245 | 1 | 3 |
_aLa formación de gobiernos minoritarios en España, 1977-1996 / _cJosep Mª Reniu Vilamala. |
| 250 | _a1ª ed. | ||
| 260 |
_aMadrid : _bCentro de Investigaciones Sociológicas : _bSiglo XXI de España, _c2002. |
||
| 300 |
_aXIII, 309 p ; _c21 cm. |
||
| 490 | 1 |
_a"Monografías" ; _v190 |
|
| 504 | _aBibliografía: p. [285]-306. | ||
| 650 | 1 | 4 |
_aGobiernos de coalición- _zEspaña. _9142278 |
| 710 | 2 |
_aCentro de Investigaciones Sociológicas (España) _92708 |
|
| 830 | 0 | 0 |
_aMonografías (Centro de Estudios Benaventanos "Ledo del Pozo") _v190 _9177262 |
| 852 |
_aES-MaACL _jL-26544 |
||
| 999 |
_c53347 _d53347 |
||